Pokémon - Champions d'Arène - Tanguy (D/P/Pt) - Statistiques

Statistiques générales
  • Ce quiz a été pris 42 fois
  • Le résultat moyen est 102 sur 137
Statistiques - réponses
Hint Réponse % Correct
Type Électrik
95%
Élekable
95%
Lanturn
95%
| Luxray
95%
| Raichu
95%
Niv 46
90%
Niv 49
90%
Type Eau
90%
Capacités Mâchouille
90%
Niv 47
85%
Niv 48
85%
Niv 50
85%
Niv 56
85%
Capacités Laser Glace
85%
Type Normal
85%
Capacités Poing-Éclair
85%
Ville Rivamar
85%
Talent Statik
85%
Niv 58
80%
Niv 61
80%
Niv 62
80%
Niv 63
80%
Niv 65
80%
Capacités Crocs Éclair
80%
Capacités Crocs Feu
80%
Capacités Crocs Givre
80%
Badge Phare
80%
Capacités Surf
80%
Voltali
80%
Capacités Exploforce
75%
Capacités Cage-Éclair
70%
Capidextre
70%
Capacités Casse-Brique
70%
Octillery
70%
Capacités Poing de Feu
70%
CT | Capacités Rayon Chargé
70%
Capacités Coup d'Jus
65%
Capacités Mur Lumière
65%
Capacités Rayon Signal
65%
Talent Absorb Volt
60%
Objet Baie Sitrus
60%
Capacités Double Pied
60%
Capacités Hâte
60%
Capacités Onde de Choc
60%
Capacités Queue de Fer
60%
Capacités Dard-Nuée
55%
Capacités Giga Impact
55%
Talent Motorisé
55%
Capacités Vive-Attaque
55%
Capacités Balle Graine
45%
Capacités Octazooka
45%
Capacités Onde Boréale
45%
Talent Rivalité
45%
Capacités Machination
35%
Talent Sniper
35%
Talent Technicien
30%
Capacités Relais
15%
Aucun quiz correspondant
Distribution des résultats
% des personnes avec chaque résultat
Percentile par nombre de réponses
Votre historique - résultats
Vous n’avez pas pris ce quiz